Autobiography / (Record no. 330718)

000 -LEADER
fixed length control field 01520cam a22003497a 4500
001 - CONTROL NUMBER
control field 15777161
003 - CONTROL NUMBER IDENTIFIER
control field NUST
005 - DATE AND TIME OF LATEST TRANSACTION
control field 20180709083526.0
008 - FIXED-LENGTH DATA ELEMENTS--GENERAL INFORMATION
fixed length control field 090616r20091975enk b 001 0aeng
010 ## - LIBRARY OF CONGRESS CONTROL NUMBER
LC control number 2009024745
020 ## - INTERNATIONAL STANDARD BOOK NUMBER
International Standard Book Number 9780415473736 (hb)
Terms of availability Rs. 1037
020 ## - INTERNATIONAL STANDARD BOOK NUMBER
International Standard Book Number 041547373X (hb)
020 ## - INTERNATIONAL STANDARD BOOK NUMBER
International Standard Book Number 9780203864999 (eb)
038 ## - RECORD CONTENT LICENSOR
Staff Name Arshad
040 ## - CATALOGING SOURCE
Original cataloging agency DLC
Transcribing agency DLC
Modifying agency DLC
043 ## - GEOGRAPHIC AREA CODE
Geographic area code e-uk-en
050 00 - LIBRARY OF CONGRESS CALL NUMBER
Classification number B1649.R94
Item number A3 2009
082 ## - DEWEY DECIMAL CLASSIFICATION NUMBER
Classification number 921
Author Mark RUS
100 1# - MAIN ENTRY--PERSONAL NAME
Personal name Russell, Bertrand,
Dates associated with a name 1872-1970.
9 (RLIN) 1985
245 10 - TITLE STATEMENT
Title Autobiography /
Statement of responsibility, etc. Bertrand Russell.
260 ## - PUBLICATION, DISTRIBUTION, ETC.
Place of publication, distribution, etc. London ;
-- New York :
Name of publisher, distributor, etc. Routledge,
Date of publication, distribution, etc. 2009.
300 ## - PHYSICAL DESCRIPTION
Extent xvi, 746 p. ;
Dimensions 22 cm.
490 0# - SERIES STATEMENT
Series statement Routledge classics
500 ## - GENERAL NOTE
General note Originally published: London : George Allen & Unwin Ltd., 1975.
504 ## - BIBLIOGRAPHY, ETC. NOTE
Bibliography, etc. note Includes bibliographical references and index.
505 0# - FORMATTED CONTENTS NOTE
Formatted contents note Introduction -- 1872-1914 -- Prologue: What I have lived for -- Childhood -- Adolescence -- Cambridge -- Engagement -- First marriage -- 'Principia mathematica' -- Cambridge again -- 1914-1944 -- The first war -- Russia -- China -- Second marriage -- Later years of Telegraph House -- America, 1938-1944 -- 1944-167 -- Return to England -- At home and abroad -- Trafalgar Square -- The foundation.
600 10 - SUBJECT ADDED ENTRY--PERSONAL NAME
Personal name Russell, Bertrand,
Dates associated with a name 1872-1970.
9 (RLIN) 1985
650 #0 - SUBJECT ADDED ENTRY--TOPICAL TERM
Topical term or geographic name entry element Philosophers
Geographic subdivision England
Form subdivision Biography.
9 (RLIN) 3701
906 ## - LOCAL DATA ELEMENT F, LDF (RLIN)
a 7
b cbc
c orignew
d 1
e ecip
f 20
g y-gencatlg
942 ## - ADDED ENTRY ELEMENTS (KOHA)
Source of classification or shelving scheme
Koha item type Book
Holdings
Withdrawn status Lost status Source of classification or shelving scheme Damaged status Not for loan Collection code Permanent Location Current Location Shelving location Date acquired Total Checkouts Total Renewals Full call number Barcode Checked out Date last seen Date last checked out Copy number Price effective from Koha item type
            Central Library (CL) Central Library (CL) Fiction 08/01/2017 3 1 921 RUS CL766 06/16/2022 09/30/2021 09/30/2021 1 08/01/2017 Book
© 2023 Central Library, National University of Sciences and Technology. All Rights Reserved.